Villarreal CF 2025/26 Squad - Statistics

General Stats
  • This quiz has been taken 8 times
  • The average score is 18 of 28
Answer Stats
Hint Answer % Correct
FW 🇪🇸 Ayoze Pérez
100%
RW 🇨🇮 Nicolas Pépé
100%
CM 🇪🇸 Dani Parejo
83%
FW 🇬🇪 Georges Mikautadze
83%
FW 🇪🇸 Gerard Moreno
83%
CM 🇸🇳 Papa Gueye
83%
CB 🇵🇹 Renato Veiga
83%
RW 🇨🇦 Tajon Buchanan
83%
FW 🇨🇦 Tani Oluwaseyi
83%
DM 🇬🇭 Thomas Partey
83%
LW 🇪🇸 Alberto Moleiro
67%
GK 🇪🇸 Diego Conde
67%
CB 🇦🇷 Juan Foyth
67%
GK 🇧🇷 Luiz Júnior
67%
RB 🇪🇸 Pau Navarro
67%
CM 🇪🇸 Santi Comesaña
67%
LB 🇪🇸 Sergi Cardona
67%
RB 🇺🇸 Alex Freeman
50%
LB 🇪🇸 Alfonso Pedraza
50%
GK 🇪🇸 Arnau Tenas
50%
CB 🇨🇻 Logan Costa
50%
FW 🇪🇸 Pau Cabanes
50%
CB 🇪🇸 Rafa Marín
50%
RB 🇺🇾 Santiago Mouriño
50%
CB 🇫🇷 Willy Kambwala
50%
CM 🇪🇸 Carlos Macià
17%
LW 🇪🇸 Alfon González
0%
LW 🇪🇸 Hugo López
0%
No matching quizzes found
Score Distribution
Percent of People with Each Score
Percentile by Number Answered
Your Score History
You have not taken this quiz